000 00735nam a2200265Ia 4500
001 Para_4690
003 CHAP
008 220125s1922 xx 000 0 und d
010 _a203131
040 _cCHAP
090 _aPA FOLLETO 2032
100 _aSmith, Roger C
_9107122
245 _aThe biology of the Chrysopidae /
_c Roger C. Smith
260 _aIthaca, New York :
_b Agricultural Experiment Station
300 _ap.p. 1292-1372
440 _aNew york. Agr. Exp. Sta. Memoir; 58
_9168746
650 _aChrysopidae
_922958
901 _aPA FOLLETO 2032
902 _aA
905 _a0000001922 ITH 0000000000 00
910 _a1922
942 _cPARA
942 _cPARA
_d1
999 _c203131
_d203131